| 000 | 01125nam a2200313 4500 | ||
|---|---|---|---|
| 003 | EG-GICUC | ||
| 005 | 20260321115912.0 | ||
| 008 | 260312s1947 uk ||||fr|||| 000 0 eng d | ||
| 040 |
_aEG-GiCUC _beng _cEG-GiCUC _dEG-GiCUC _erda |
||
| 041 |
_aeng _heng |
||
| 082 | 0 | 4 |
_221 _a341.6043 _bAT . T |
| 092 | 0 | 4 | _221 |
| 099 | _aLaw 11 341.6043 AT . T 1947 | ||
| 110 |
_aH. M. Attorney-General _eAuthor. |
||
| 245 | 1 | 3 |
_a The Trial of German Major War Criminals: _nPart 13 ، _bProceedings of the International Military Tribunal Sitting at Nuremberg, Germany / _cUnder the Authority of H. M. Attorney-General. |
| 264 | 1 |
_aLondon ; _bHer Majesty’s Stationery Office,, _c1947. |
|
| 300 |
_a13.5.46 pages : _billustrations, _c24 cm |
||
| 336 |
_2rda content _atext |
||
| 337 |
_2rda media _aComputer |
||
| 338 |
_2rda carrier _aOnline Resource |
||
| 500 | _aIndex included | ||
| 504 | _aBibliography: pages 200-250. | ||
| 546 | _aText in English | ||
| 650 | 1 |
_aPublic international law _2qrmak |
|
| 651 | 1 | _2qrmak | |
| 856 | 4 | 0 | _uhttps://fll.law.cu.edu.eg/fulltext/bks/B11-08565.pdf |
| 905 | _a31 | ||
| 942 |
_2ddc _n0 _cBK _e21 |
||
| 999 |
_c66245 _d66245 |
||